000 00331cam a22001217a 4500
008 180718b1973 xxu||||| |||| 00| 0 eng d
082 _aQ8 Si64
100 _aSingh, Udai Pratap
245 _aPersonality of criminals
_cby Udai Pratap Singh
260 _aAgra
_bSri Ram Mehra
_c1973
300 _a107p.
650 _aCrime and Criminals
999 _c353540
_d353540